Temas em Direito e Economia do Trabalho

Bibliographic Details
Main Author: Castelar Pinheiro, Armando
Other Authors: Maristrello Porto, Antn̥io Još, Pinheiro Sampaio, Patrc̕ia Regina
Format: eBook
Language:Portuguese
Published: Rio de Janeiro: FGV - Direito Rio, 2021
Subjects:
Online Access:Acceso restringido

MARC

LEADER 00000nam a22000007a 4500
005 20210618003210.0
007 cr|||| ||||
008 210618s2021 br |||||s|||| 00||0 por d
020 |a 978-65-86060-14-0 
035 |a 33598 
040 |a vLex 
090 |c 11813  |d 11813 
100 1 |a Castelar Pinheiro, Armando 
245 1 0 |a Temas em Direito e Economia do Trabalho  |h [Recurso electrn̤ico] /  |c Armando Castelar Pinheiro, Antn̥io Jos ̌Maristrello Porto, Patrc̕ia Regina Pinheiro Sampaio 
256 |a Servicio en ln̕ea 
260 |a Rio de Janeiro:  |b FGV - Direito Rio,  |c 2021 
300 |a 1 recurso electrn̤ico 
500 |a "“Observam-se, nas presentes anl̀ises, consideraė̳s sofisticadas acerca dos transbordamentos dos marcos legais, para alm̌ dos efeitos sobre a situaȯ̂ ou o objeto em si, as diferentes possibilidades de interpretaȯ̂ e o campo ml︢tiplo para a eficc̀ia de sua aplicaȯ̂, em um contexto situacional que exige escolhas criteriosas que causarô impacto sobre os demandantes e sobre toda a sociedade. As ideias aqui apresentadas apontam para a busca de uma interaȯ̂ profunda entre o Direito, a Economia e a sociedade, bem como para a atenȯ̂ a uma reflexô crt̕ica e capaz de interpretar as situaė̳s transformacionais no presente, prospectando-as para o futuro, com a perspectiva de um agente que promova o bem coletivo e que tambm̌ proponha o desafio e a tarefa de pensar no modelo do sistema de relaė̳s de trabalho.” Clemente Ganz Lc︢io" 
506 1 |a Disponible solo en los productos indicados  |d vLex Global  |d vLex Global (Academic Edition, excluding Law Schools)  |d vLex Global (U.S. Academic Edition, Law Schools)  |d vLex Global (U.S. Academic Edition, excluding Law Schools)  |d vLex Global (Academic Edition, Law Schools) 
650 0 4 |a Derecho Laboral y Seguridad Social  |z Brasil 
700 1 |a Maristrello Porto, Antn̥io Još 
700 1 |a Pinheiro Sampaio, Patrc̕ia Regina 
740 0 |a vLex Libros (Servicio en ln̕ea) 
856 4 0 |u https://vlex.com/source/temas-em-direito-e-economia-do-trabalho-33598  |z Acceso restringido 
942 |c BOOK 
999 0 |a Labor law and social security